[Event "26th Pula Open"]
[Site "Pula CRO"]
[Date "2012.06.14"]
[Round "7.10"]
[White "De Filomeno,S"]
[Black "Medak,B"]
[Result "1/2-1/2"]
[WhiteElo "2280"]
[BlackElo "2398"]

1.e4 d6 2.d4 Nf6 3.Nc3 e5 4.Nf3 Nbd7 5.Bc4 Be7 6.O-O O-O 7.Re1 c6 8.a4 a5
9.h3 Nb6 10.Bf1 exd4 11.Nxd4 d5 12.exd5 Nbxd5 13.Nxd5 Nxd5 14.Bc4 Bc5 15.c3 Be6
16.Bxd5 Bxd5 17.Qg4 Kh8 18.Be3 Be7 19.c4 Be6 20.Nxe6 fxe6 21.Qxe6 Bb4 22.Red1 Qh4
23.Rd4 Qh5 24.Rg4 Rae8 25.Qd7 Re7 26.Qd4 Rf5 27.Rd1 Qf7 28.Re4 h5 29.Qd8+ Kh7
30.Rxe7 Bxe7 31.Qc7 Bf8 32.Qc8 Rf6 33.b3 b5 34.axb5 cxb5 35.Rd5 a4 36.Rxb5 a3
37.Qa8 Qg6 38.Rg5 Qb1+ 39.Kh2 g6 40.Qb7+ Kg8 41.Qd5+ Kh7 42.Bd4 Rf5 43.Rxf5 Qxf5
44.Qb7+ Kg8 45.g3 h4 46.Qc7 a2 47.gxh4 Qe4 48.Qd7 Qf4+ 49.Kg2 Qe4+ 50.Kh2 Qf5
51.Qd8 Kf7 52.Qc7+ Ke6 53.Qc8+ Kf7 54.Qc7+ Kg8 55.Qd8 Qf4+ 56.Kg2 Qd6 57.Qa8 Qxd4
58.Qxa2 Qe4+ 59.f3 Qxh4 60.Qd2 Qe7 61.b4 Qxb4 62.Qxb4 Bxb4 63.f4 Bd6 64.Kf3 Kf7  1/2-1/2

[Event "16th Voronezh Master Open"]
[Site "Voronezh RUS"]
[Date "2012.06.14"]
[Round "3.45"]
[White "Nevioselaya,M"]
[Black "Rjabzev,K"]
[Result "0-1"]
[WhiteElo "2026"]
[BlackElo "2271"]

1.e4 d6 2.d4 Nf6 3.Nc3 e5 4.Nge2 Nc6 5.d5 Ne7 6.g3 h5 7.h3 Bd7 8.Bg2 Qc8
9.Be3 h4 10.g4 Ng6 11.Qd2 c5 12.a4 Be7 13.f3 b6 14.O-O a6 15.Rfb1 b5 16.axb5 axb5
17.Rxa8 Qxa8 18.b4 c4 19.Qc1 O-O 20.Ra1 Qb8 21.Ra7 Bd8 22.Ra6 Bc8 23.Qa3 Bxa6
24.Qxa6 Nd7 25.Nxb5 Bb6 26.Bxb6 Qxb6+ 27.Qxb6 Nxb6 28.Nxd6 Ra8 29.Kf2 Ra2
30.c3 Nf4 31.Bf1 Rc2 32.Nb5 Na4 33.Na3 Ra2 34.Nb5 Kf8 35.g5 Ke7 36.Ke3 Nb2
37.Kf2 Nbd3+ 38.Ke3 Ra1 39.Nxf4 exf4+ 40.Ke2 Re1+  0-1

[Event "5th Mayors Cup 2012"]
[Site "Mumbai IND"]
[Date "2012.06.15"]
[Round "11.4"]
[White "Udeshi,A"]
[Black "Czebe,A"]
[Result "0-1"]
[WhiteElo "2352"]
[BlackElo "2475"]

1.e4 d6 2.d4 Nf6 3.Nc3 e5 4.Nge2 a5 5.g3 Na6 6.Bg2 Be7 7.O-O O-O 8.h3 c6
9.Be3 b5 10.a4 b4 11.Nb1 Nc7 12.Nd2 Ba6 13.Nb3 Ne6 14.Re1 Nd7 15.f4 Qc7 16.c3 bxc3
17.bxc3 Rfb8 18.f5 Nef8 19.Kh2 h6 20.Nd2 Bf6 21.Rc1 Rb2 22.h4 Rab8 23.Kh3 Ra2
24.g4 Qd8 25.Nf3 Rbb2 26.Bf1 exd4 27.cxd4 c5 28.dxc5 Ne5 29.Nxe5 Bxe5 30.Rb1 Ra3
31.Ng3 Rh2+ 32.Kxh2 Qxh4+  0-1

[Event "26th Pula Open"]
[Site "Pula CRO"]
[Date "2012.06.15"]
[Round "8.24"]
[White "Doncevic,D"]
[Black "Srebrnic,A"]
[Result "1/2-1/2"]
[WhiteElo "2311"]
[BlackElo "2183"]

1.e4 d6 2.d4 Nf6 3.Nc3 e5 4.dxe5 dxe5 5.Qxd8+ Kxd8 6.Bg5 Be6 7.O-O-O+ Nd7
8.g3 Kc8 9.f3 Bc5 10.Bh3 Bxh3 11.Nxh3 h6 12.Bd2 c6 13.Rhf1  1/2-1/2

[Event "National Open 2012"]
[Site "Las Vegas USA"]
[Date "2012.06.16"]
[Round "3"]
[White "Funderburg,J"]
[Black "Foisor,S"]
[Result "0-1"]
[WhiteElo "2091"]
[BlackElo "2364"]

1.e4 d6 2.d4 Nf6 3.Nc3 Nbd7 4.Nf3 e5 5.Be2 Be7 6.O-O O-O 7.h3 c6 8.a4 b6
9.Be3 a6 10.Qd2 Rb8 11.g4 b5 12.axb5 axb5 13.Bd3 Qc7 14.Ne2 exd4 15.Nfxd4 Ne5
16.f4 Nc4 17.Qc1 Nxe3 18.Qxe3 Re8 19.Ng3 Bf8 20.Qf2 Qb6 21.Rae1 Bxg4 22.e5 Nh5
23.Kh2 Nxg3 24.Rg1 Nf5 25.Rxg4 Qxd4 26.Qg2 Ne3  0-1

[Event "National Open 2012"]
[Site "Las Vegas USA"]
[Date "2012.06.17"]
[Round "6"]
[White "Zierk,S"]
[Black "Akobian,V"]
[Result "0-1"]
[WhiteElo "2483"]
[BlackElo "2625"]

1.e4 d6 2.d4 Nf6 3.Nc3 c6 4.f4 Qa5 5.Bd3 e5 6.dxe5 dxe5 7.Nf3 Bg4 8.fxe5 Nfd7
9.h3 Bxf3 10.gxf3 Nxe5 11.f4 Nxd3+ 12.cxd3 Na6 13.Be3 O-O-O 14.Qg4+ f5 15.Qxf5+ Qxf5
16.exf5 Bc5 17.Bxc5 Nxc5 18.O-O-O Nxd3+ 19.Kc2 Nxf4 20.Rdg1 Rd7 21.Rg4 Nh5
22.Rhg1 h6 23.Ne4 Rf8 24.Rg6 Re7 25.Re6 Rd7 26.Reg6 Kb8 27.Rf1 Rdf7 28.f6 Nxf6
29.Nxf6 Rxf6 30.Rfxf6 Rxf6 31.Rxg7 Rf2+ 32.Kc3 Rf3+ 33.Kc4 Rxh3 34.Rh7 a5
35.a3 Ka7 36.b4 a4 37.b5 Rh4+ 38.Kc5 Rh5+ 39.Kb4 Rxb5+ 40.Kxa4 Rh5  0-1

[Event "3rd Forni di Sopra Open"]
[Site "Forni di Sopra ITA"]
[Date "2012.06.18"]
[Round "3"]
[White "Andersen,AlfR"]
[Black "Borgo,G"]
[Result "0-1"]
[WhiteElo "2199"]
[BlackElo "2395"]

1.e4 d6 2.d4 Nf6 3.Nc3 e5 4.Nf3 Nbd7 5.h3 c6 6.Be3 b5 7.Bd3 Be7 8.Ne2 O-O
9.c3 a6 10.Ng3 Re8 11.O-O Bf8 12.Bc2 Qc7 13.Nh2 d5 14.Ng4 Nxe4 15.Nxe4 dxe4
16.f3 exd4 17.cxd4 f5 18.fxe4 fxg4 19.Qxg4 Nb6 20.Qh4 Be7 21.Qh5 g6 22.Qh6 Bf8
23.Qh4 Be7 24.Qh6 Bf8 25.Qh4 Bg7 26.e5 Be6 27.Bg5 Nd5 28.Rf3 c5 29.Rc1 Qa7
30.Bf6 cxd4 31.Be4 Rac8 32.Rcf1 Ne3 33.Bxg6 hxg6 34.Re1 Bf5 35.g4 Be4 36.Rf4 Ng2
37.Qg5 Ne3 38.Qh4 Ng2 39.Qg5 d3+  0-1

[Event "3rd Forni di Sopra Open"]
[Site "Forni di Sopra ITA"]
[Date "2012.06.18"]
[Round "3"]
[White "Korneev,O"]
[Black "De Santis,A"]
[Result "1-0"]
[WhiteElo "2586"]
[BlackElo "2326"]

1.e4 d6 2.d4 Nf6 3.Nc3 e5 4.Nf3 exd4 5.Nxd4 Be7 6.g3 O-O 7.Bg2 Re8 8.O-O Nbd7
9.h3 a5 10.a4 Nc5 11.Bf4 Nfd7 12.Kh2 Ne5 13.b3 c6 14.Qd2 Qc7 15.Rad1 Bd7
16.Be3 Rad8 17.f4 Ng6 18.Qf2 Bc8 19.Rd2 Bf6 20.Rfd1 b6 21.Nde2 Ba6 22.Bd4 Bxe2
23.Bxf6 Bxd1 24.Bxd8 Rxd8 25.Nxd1 Nf8 26.Ne3 Re8 27.Nf5 Nb7 28.Qf3 g6 29.Nh6+ Kg7
30.Ng4 f6 31.Qc3 Re6 32.f5 Re5 33.Nxe5 dxe5 34.Qd3 g5 35.Bf3 Qe7 36.Qa6 Qc7
37.Qc4 Nc5 38.b4 axb4 39.a5 Qa7 40.axb6 Qxb6 41.Bh5 Qa7 42.Qxb4 Nfd7 43.Qc4 Nb8
44.Rd8 Ncd7 45.Qf7+ Kh6 46.Bf3  1-0

[Event "62nd ch-RUS HL w"]
[Site "Tyumen RUS"]
[Date "2012.06.18"]
[Round "3"]
[White "Korchenkova,I"]
[Black "Manina,K"]
[Result "1/2-1/2"]
[WhiteElo "2088"]
[BlackElo "1987"]

1.e4 d6 2.d4 Nf6 3.Nc3 e5 4.dxe5 dxe5 5.Qxd8+ Kxd8 6.Bg5 c6 7.f3 Be6 8.a3 Bc5
9.Nge2 Nd7 10.Nc1 h6 11.Bh4 g5 12.Bg3 Nh5 13.Nb3 Nxg3 14.hxg3 Bb6 15.g4 Ke7
16.Na4 Bc7 17.Nac5 Nxc5 18.Nxc5 Bc8 19.Bc4 b6 20.Nd3 Bd7 21.Ke2 f6 22.Rh2 Rh7
23.Rah1 Rah8 24.Nf2 Be8 25.Nd1 b5 26.Bb3 Bb6 27.a4 a6 28.axb5 axb5 29.Nc3 h5
30.gxh5 Rxh5 31.Rxh5 Rxh5 32.Rxh5 Bxh5 33.g4 Be8 34.Bg8 Bd4 35.Nd1 b4 36.c3 bxc3
37.bxc3 Bb6 38.Kd3 Bd7 39.Nb2 Bc8 40.Na4 Ba7 41.Bc4 Kd6  1/2-1/2

[Event "Cerrado GM Hotel"]
[Site "Zaragoza ESP"]
[Date "2012.06.18"]
[Round "1.1"]
[White "Ducarmon,Q"]
[Black "Garza Marco,S"]
[Result "1/2-1/2"]
[WhiteElo "2368"]
[BlackElo "2410"]

1.e4 d6 2.d4 Nf6 3.Nc3 e5 4.Nf3 exd4 5.Nxd4 Be7 6.g3 O-O 7.Bg2 Re8 8.O-O Bf8
9.h3 Nbd7 10.Re1 c6 11.a4 a5 12.b3 Nc5 13.Bf4 Qb6 14.Bg5 Nfd7 15.Nf5 Qc7
16.Qd2 Ne5 17.Nd4 Bd7 18.Rad1 Ne6 19.Nxe6 fxe6 20.Be3 Nf7 21.Na2 b5 22.c4 bxc4
23.bxc4 Bc8 24.c5 d5 25.exd5 exd5 26.Bd4 Ba6 27.Nc1 Bc4 28.Nd3 Qa7 29.Rxe8 Rxe8
30.Rc1 Rb8 31.Bf1 Rb3 32.h4 Qd7 33.Nf4 Bxf1 34.Rxf1 Rb4 35.Re1 Nd8 36.Bc3 Rxa4
37.Bxa5 Nb7 38.Bb6 Bxc5 39.Bxc5 Nxc5 40.Qc2 Ra5 41.Rb1 Qa7 42.Qf5 Qc7 43.Rc1 g6
44.Qf6 Qd7 45.h5 Ne4 46.Qxc6  1/2-1/2

[Event "16th Voronezh Master Open"]
[Site "Voronezh RUS"]
[Date "2012.06.19"]
[Round "7.6"]
[White "Kokarev,Dm"]
[Black "Yudin,S"]
[Result "1/2-1/2"]
[WhiteElo "2629"]
[BlackElo "2530"]

1.e4 d6 2.d4 Nf6 3.Nc3 e5 4.Nf3 Nbd7 5.Bc4 Be7 6.O-O O-O 7.a4 c6 8.Re1 a5
9.h3 exd4 10.Nxd4 Nc5 11.Bf4 Be6 12.Nxe6 fxe6 13.e5 Nd5 14.Bxd5 Rxf4 15.Bxe6+ Kh8
16.g3 Rb4 17.exd6 Bxd6 18.b3 Qc7 19.Qh5 g6 20.Qg5 Qg7 21.Qd2 Be5 22.Rxe5 Qxe5
23.Bc4 Ne4 24.Nxe4 Qxa1+ 25.Kg2 Rxc4 26.bxc4 Qe5 27.f3 Re8 28.c5 Re7 29.h4 Kg7
30.Qd8 h6 31.Qxa5 Qd4 32.Qb6 g5 33.hxg5 hxg5 34.g4 Rxe4 35.fxe4 Qxe4+ 36.Kf1 Qf4+
37.Ke1 Qc1+  1/2-1/2

[Event "Hotel El Aguila GM"]
[Site "Utebo ESP"]
[Date "2012.06.20"]
[Round "5.4"]
[White "Hunt,A"]
[Black "Del Rey,D"]
[Result "1/2-1/2"]
[WhiteElo "2461"]
[BlackElo "2390"]

1.e4 d6 2.d4 Nf6 3.Nc3 e5 4.f4 exd4 5.Qxd4 Nc6 6.Bb5 Bd7 7.Qf2 Qe7 8.Qe2 O-O-O
9.Nf3 Re8 10.Bd3 g6 11.O-O Bg7 12.Bd2 Qd8 13.Qd1 Kb8 14.a3 Rhf8 15.Rb1 Qc8
16.Kh1 Nh5 17.f5 Ne5 18.Nxe5 Bxe5 19.Bh6 Qd8 20.f6 Nxf6 21.Bxf8 Ng4 22.Qe1 Rxf8
23.h3 Qg5 24.Rf3 Nf6 25.Qe3 Qh5 26.Be2 Ng4 27.Qg1 Qh6 28.Qc1 g5 29.Nd5 Bd4
30.Qe1 Ne5 31.Rf6 Qg7 32.Qd2 Bc5 33.b4 Bb6 34.Rbf1 h5 35.c4 Be6 36.c5 dxc5
37.Nxb6 axb6 38.bxc5 bxc5 39.a4 Nd7 40.R6f2 g4 41.h4 Qd4 42.Qc2 Qe3 43.Qd3 Qxd3
44.Bxd3 Ne5 45.Bc2 Rd8 46.Rd1 Rd4 47.Rfd2 Nc6 48.Kh2 Rb4 49.Kg3 Nd4 50.Kf4 f6
51.Ke3 f5 52.Bd3 fxe4 53.Bxe4 Rxa4 54.Kf4 Bf7 55.Ke5 Ka7 56.Kf6 Bb3 57.Rc1 Ne6
58.Bd5 Bxd5 59.Rxd5 Nf4 60.Rd2 c4 61.Kg5 Nd3 62.Rc3 Ra5+ 63.Kh6 b5 64.Rcc2 Nf4
65.g3 Nd3 66.Kxh5 b4+ 67.Kxg4 Ne5+ 68.Kf4 b3 69.Rc3 Rb5 70.Ke4 Kb6 71.h5 Nd3
72.Rxc4 b2 73.Rxb2 Nxb2 74.Rc2 Rxh5 75.Rxb2+ Kc5 76.g4 Rh8 77.g5 c6 78.g6 Rg8
79.Rg2 Kb4 80.Rg4 Kb5 81.g7 c5 82.Rg1 Kc4 83.Rc1+ Kb3 84.Rxc5  1/2-1/2

[Event "16th Voronezh Master Open"]
[Site "Voronezh RUS"]
[Date "2012.06.20"]
[Round "8.40"]
[White "Sheremet,A"]
[Black "Rjabzev,K"]
[Result "0-1"]
[WhiteElo "2113"]
[BlackElo "2271"]

1.e4 d6 2.d4 Nf6 3.Nc3 e5 4.dxe5 dxe5 5.Qxd8+ Kxd8 6.Bg5 Be6 7.O-O-O+ Nd7
8.Nd5 Kc8 9.Nxf6 Nxf6 10.Bxf6 gxf6 11.Kb1 c6 12.Bd3 Bc5 13.f3 Kc7 14.Ne2 Rag8
15.g4 h5 16.h3 Bf2 17.Rdf1 Bh4 18.b3 b5 19.c3 a5 20.Kc2 Rb8 21.gxh5 Rxh5
22.f4 Rbh8 23.f5 Bd7 24.c4 Bg5 25.Rf3 b4 26.c5 Rh4 27.Rh2 Bh6 28.Ng1 Bf8
29.Rg3 Bxc5 30.Nf3 Rf4 31.h4 Bf8 32.h5 c5 33.Nd2 Bc6 34.Rgg2 Bh6 35.Rh3 Rd8
36.Rhh2 a4 37.Rh3 Rxf5 38.Rf3 Rxf3 39.Nxf3 axb3+ 40.axb3 c4  0-1

[Event "16th Voronezh Master Open"]
[Site "Voronezh RUS"]
[Date "2012.06.20"]
[Round "8.24"]
[White "Zakhartsov,Vl"]
[Black "Sergienko,S"]
[Result "1/2-1/2"]
[WhiteElo "2249"]
[BlackElo "2402"]

1.e4 d6 2.d4 Nf6 3.Nc3 e5 4.Nge2 c6 5.a4 Be7 6.g3 O-O 7.Bg2 a5 8.O-O Na6
9.h3 Re8 10.Be3 Qc7 11.Qd2 Be6 12.g4 d5 13.dxe5 Nxe4 14.Nxe4 dxe4 15.Bf4 Rad8
16.Qe3 Bc5 17.Qg3 Qe7 18.h4 Nb4 19.Bxe4 Qd7 20.Rad1 Qxd1 21.Rxd1 Rxd1+ 22.Kg2 Re1
23.Nc3 Na2 24.Nxa2 Rxe4 25.Nc3 Rd4 26.f3 Rc4 27.Bd2 Bb4 28.h5 Rd8 29.Be1 b5
30.h6 Be7 31.Qf2 bxa4 32.hxg7 Kxg7 33.Qe2 Rb4 34.Nd1 Rb5 35.Bc3 a3 36.bxa3 Bxa3
37.Nf2 Bb4 38.Qe3 h6 39.Bxb4 Rxb4 40.Ne4 a4 41.Qf4 Rxe4 42.Qf6+ Kh7 43.Qxd8 Rxe5
44.Qd3+ Kg8 45.Qd8+ Kh7 46.Qd3+ Kg8 47.Qa6 h5 48.gxh5 Rxh5 49.Kf2 Rh1 50.Qa8+ Kh7  1/2-1/2

[Event "TCh-POR Div 1 Final"]
[Site "Matosinhos POR"]
[Date "2012.06.21"]
[Round "1.3.1"]
[White "Salgado Lopez,I"]
[Black "Strikovic,A"]
[Result "1-0"]
[WhiteElo "2635"]
[BlackElo "2559"]

1.e4 d6 2.d4 Nf6 3.Nc3 e5 4.Nf3 Nbd7 5.Bc4 Be7 6.a4 O-O 7.O-O c6 8.a5 Rb8
9.Qe2 b5 10.axb6 axb6 11.d5 cxd5 12.exd5 Bb7 13.Ra7 Qc8 14.Bd2 Ra8 15.Rfa1 Rxa7
16.Rxa7 Qb8 17.Ra1 Rc8 18.b4 g6 19.Bb3 Bf8 20.Ng5 Bg7 21.Nge4 Nxe4 22.Nxe4 Nf6
23.Nxf6+ Bxf6 24.Qb5 Qc7 25.Ra7 Kg7 26.Be3 Bd8 27.Bxb6 Qxb6 28.Qxb6 Bxb6
29.Rxb7 Bd4 30.Kf1 Ra8 31.Rc7 Ra1+ 32.Ke2 Rb1 33.Rc6 e4 34.b5 Ra1 35.b6 Ra8
36.b7 Rb8 37.Rc7  1-0

[Event "62nd ch-RUS HL w"]
[Site "Tyumen RUS"]
[Date "2012.06.21"]
[Round "6"]
[White "Sazonova,E"]
[Black "Manina,K"]
[Result "1-0"]
[WhiteElo "2159"]
[BlackElo "1987"]

1.e4 d6 2.d4 Nf6 3.Nc3 e5 4.Nf3 Nbd7 5.Bc4 Be7 6.O-O O-O 7.Re1 c6 8.a4 a5
9.h3 Nb6 10.Bf1 Nfd7 11.Be3 exd4 12.Nxd4 Nc5 13.Qf3 Bg5 14.Bxg5 Qxg5 15.b3 Be6
16.Rad1 Rad8 17.g3 f5 18.h4 Qg4 19.Qxg4 fxg4 20.Nxe6 Nxe6 21.Bg2 h5 22.Rd2 g5
23.hxg5 Nxg5 24.Red1 Nf3+ 25.Bxf3 Rxf3 26.Ne2 Rdf8 27.Nf4 Re8 28.Rxd6 Rxe4
29.Nxh5 Nd5 30.c4 Re2 31.cxd5 Rexf2 32.dxc6 bxc6 33.Rxc6 Rb2 34.Rc7  1-0

[Event "16th Voronezh Master Open"]
[Site "Voronezh RUS"]
[Date "2012.06.21"]
[Round "9.3"]
[White "Grigoriants,S RUS"]
[Black "Yudin,S"]
[Result "1-0"]
[WhiteElo "2557"]
[BlackElo "2530"]

1.e4 d6 2.d4 Nf6 3.Nc3 e5 4.Nf3 Nbd7 5.Bc4 Be7 6.O-O O-O 7.a4 c6 8.Re1 a5
9.h3 exd4 10.Qxd4 Nc5 11.b3 Be6 12.Ba3 Nfd7 13.Bf1 Qc7 14.Qe3 Na6 15.Bxa6 Rxa6
16.Rad1 Re8 17.Nd4 Bf8 18.Qg3 Raa8 19.Nde2 Rad8 20.Bxd6 Bxd6 21.Rxd6 Nc5
22.Red1 Rxd6 23.Qxd6 Qxd6 24.Rxd6 Kf8 25.f3 Bc8 26.g4 h5 27.Nf4 hxg4 28.hxg4 Ke7
29.Rd2 g5 30.Nh5 Be6 31.Kf2 Rb8 32.Ke3 Nd7 33.Nd5+ Kf8 34.Ndf6 Nxf6 35.Nxf6 Kg7
36.e5 Kg6 37.Rd6 Rh8 38.Nh5 Kh7 39.Kd4 c5+ 40.Kd3 c4+ 41.bxc4 Rc8 42.Nf6+ Kg7
43.Nd5 Rh8 44.Nc7 Bc8 45.c5 Rh1 46.Kc4 Rb1 47.c3 Rb2 48.Rd8 Be6+ 49.Nxe6+ fxe6
50.Rd7+ Kf8 51.Rd6 Ke7 52.Rb6  1-0

[Event "5th Svein Memorial"]
[Site "Oslo NOR"]
[Date "2012.06.22"]
[Round "3"]
[White "Hauge,Lars Oskar"]
[Black "Adnoy,H"]
[Result "0-1"]
[WhiteElo "2071"]
[BlackElo "2286"]

1.e4 d6 2.d4 Nf6 3.Nc3 Nbd7 4.Nf3 e5 5.Bc4 Be7 6.O-O O-O 7.a4 a5 8.Re1 c6
9.Bg5 h6 10.Bh4 Qc7 11.Qe2 Nb6 12.Bb3 Bg4 13.Rad1 Rae8 14.h3 Bc8 15.g4 Nh7
16.Bg3 Ng5 17.Nxg5 hxg5 18.dxe5 dxe5 19.Kg2 g6 20.Rh1 Kg7 21.Qe3 Rh8 22.Rd2 Nd7
23.Ne2 Nc5 24.Nc1 Ne6 25.Bxe6 Bxe6 26.Nd3 f6 27.Nc5 Bc8 28.Rhd1 Rd8 29.Rxd8 Rxd8
30.Rxd8 Qxd8 31.Qd3 Qb6 32.Nb3 Qb4 33.f3 Qxa4 34.h4 gxh4 35.Bxh4 Qb4 36.g5 fxg5
37.Bg3 Bf6 38.Nd2 Be6 39.b3 b5 40.c3 Qe7 41.Bf2 Qd8 42.Qc2 g4 43.c4 b4 44.Be3 Qh8
45.fxg4 Bxg4  0-1

[Event "TCh-POR Div 1 Final"]
[Site "Matosinhos POR"]
[Date "2012.06.24"]
[Round "4.4.3"]
[White "Diogo,V"]
[Black "Pereira,RiJC"]
[Result "1-0"]
[WhiteElo "2261"]
[BlackElo "1946"]

1.e4 d6 2.d4 Nf6 3.Nc3 c6 4.a4 g6 5.Nf3 Bg7 6.Be2 O-O 7.O-O Qc7 8.Bf4 Nh5
9.Be3 Nd7 10.Nd2 Nhf6 11.a5 e5 12.dxe5 dxe5 13.f3 Re8 14.Qe1 Bf8 15.Qf2 Bb4
16.Nb3 Qb8 17.Rfd1 Nh5 18.g3 Ng7 19.Na4 Ne6 20.c3 Be7 21.h4 a6 22.Bc4 Bf8
23.Rd2 Qc7 24.Rad1 c5 25.Bxe6 Rxe6 26.Naxc5 Rd6 27.Nxd7 Rxd7 28.Bb6 Qc6 29.Bc5 Bh6
30.Rxd7 Bxd7 31.Be3 Bxe3 32.Qxe3 Qa4 33.c4 Be6 34.Rc1 Rc8 35.Nc5 Qxa5 36.Nxe6 fxe6
37.h5 Qb4 38.b3 Kg7 39.Rd1 Qe7 40.h6+ Kf7 41.Qb6 Rc7 42.Rd6 Rd7 43.c5 Rxd6
44.cxd6 Qd7 45.Qc5 Kf6 46.f4 exf4 47.gxf4  1-0

[Event "65th ch-RUS HL"]
[Site "Tyumen RUS"]
[Date "2012.06.24"]
[Round "8"]
[White "Demchenko,A"]
[Black "Khismatullin,D"]
[Result "1-0"]
[WhiteElo "2575"]
[BlackElo "2664"]

1.e4 d6 2.d4 Nf6 3.Nc3 e5 4.Nf3 Nbd7 5.Bc4 Be7 6.O-O O-O 7.a4 c6 8.Re1 b6
9.d5 cxd5 10.Nxd5 Bb7 11.b3 Rc8 12.Re2 Nxd5 13.Bxd5  1-0

[Event "20th Montcada Open"]
[Site "Montcada i Reixac ESP"]
[Date "2012.06.25"]
[Round "1.13"]
[White "Lopez Martinez,Josep"]
[Black "Amores Gago,Javier"]
[Result "1-0"]
[WhiteElo "2506"]
[BlackElo "2135"]

1.e4 d6 2.d4 Nf6 3.Nc3 e5 4.Nf3 Nbd7 5.Bc4 Be7 6.O-O O-O 7.Re1 c6 8.a4 b6
9.Ba2 a6 10.Qd3 Bb7 11.Bg5 b5 12.axb5 axb5 13.b4 exd4 14.Nxd4 Ne5 15.Qh3 Re8
16.Nf5 Bf8 17.Rad1 Bc8 18.Bb3 Ra3 19.Ne2 Be6 20.Ned4 Bxb3 21.cxb3 Ra6 22.Qg3 Ng6
23.Qf3 Ne5 24.Qh3 Ng6 25.Rc1 Ne5 26.Qg3 Kh8 27.Qh3 Kg8 28.Kf1 c5 29.Nxb5 Qb8
30.Nc3 cxb4 31.Bxf6 bxc3 32.Bxe5 dxe5 33.Rxc3 Bb4 34.Rg3 Rg6 35.Rd1 Qb5+
36.Rgd3 Qb7 37.Qf3 h6 38.g3 Bf8 39.Rd7 Qa6+ 40.Qd3 Qb6 41.Qd5 Rf6 42.Rb7 Qa6+
43.Qb5 Qe6 44.Kg2 Rc8 45.Rb8 g6 46.Ne3 Rxb8 47.Qxb8 Qb6 48.Rd8 Qxb8 49.Rxb8 Kg7
50.Rb5 Re6 51.Nc4 f6 52.Rb7+ Re7 53.Rxe7+ Bxe7 54.Nb2 Kf7 55.Nd3 Ke6 56.g4 f5
57.f3 h5 58.h3 hxg4 59.hxg4 fxe4 60.fxe4 Bd8 61.Kf3 Bb6 62.Nb4 Kd6 63.Nd5 Bd8
64.Ke3 Kc6 65.Kd3 Kb5 66.b4 Bh4 67.Kc3 Bd8 68.Kb3 Bh4 69.Nc3+ Kc6 70.Kc4 Bf2
71.Nd5 g5 72.Nc3 Be3 73.Ne2 Kb6 74.Kd3 Bf2 75.Nc3 Bd4 76.Kc4 Bf2 77.Na4+ Kc6
78.Nc5 Bg3 79.Nd3 Bh2 80.b5+ Kd6 81.Kb4 Bg1 82.Ka5 Ba7 83.Ka6 Bb8 84.Kb7 Bc7  1-0

[Event "4th Carlos I Open"]
[Site "Sanxenxo ESP"]
[Date "2012.06.25"]
[Round "3.1"]
[White "Meneses Gonzalez,K"]
[Black "Paunovic,D"]
[Result "1/2-1/2"]
[WhiteElo "2264"]
[BlackElo "2521"]

1.e4 d6 2.d4 Nf6 3.Nc3 e5 4.Nf3 Nbd7 5.Bc4 Be7 6.O-O Nb6 7.Be2 Nbd7 8.Re1 O-O
9.Bc4 c6 10.a4 a5 11.h3 h6 12.Be3 Re8 13.Ba2 Qc7 14.Qd2 Nf8 15.Nh2 exd4 16.Bxd4 Be6
17.Nf1 N6d7 18.Ng3 Bg5 19.Be3 Bxe3 20.Rxe3 Nc5 21.Nh5 Bxa2 22.Rxa2 Qe7 23.Ra1 Ng6
24.Ng3 Rad8 25.Ree1 Qe5 26.Rad1 Nf4 27.b3 h5 28.Nge2 Nxe2+ 29.Rxe2 Ne6 30.Re3 h4
31.Rf3 g6 32.Rd3 Nc5  1/2-1/2

[Event "62nd ch-RUS HL w"]
[Site "Tyumen RUS"]
[Date "2012.06.26"]
[Round "10"]
[White "Kovanova,B"]
[Black "Schepetkova,M"]
[Result "1-0"]
[WhiteElo "2391"]
[BlackElo "2181"]

1.e4 d6 2.d4 Nf6 3.Nc3 e5 4.Nf3 Nbd7 5.a4 Be7 6.a5 O-O 7.Be2 c6 8.O-O Qc7
9.Re1 d5 10.exd5 exd4 11.Nxd4 cxd5 12.Ndb5 Qd8 13.Nxd5 Nxd5 14.Qxd5 a6 15.Nc3 Qc7
16.Qc4 Qxc4 17.Bxc4 Bb4 18.Bg5 b5 19.Bd5 Rb8 20.Bf4 Bxc3 21.bxc3 Bb7 22.Bxb8 Bxd5
23.Rad1 Bc6 24.Bd6 Rc8 25.Bb4 h5 26.Rd6 Nb8 27.Red1 Kh7 28.f3 Rc7 29.Rd8 Nd7
30.Bd6 Ra7 31.Rc8 Ba8 32.Bg3 Nf6 33.Bf2 Bb7 34.Rc7 Bxf3 35.Rxa7 Bxd1 36.Rxa6 Bxc2
37.Bd4 Nd5 38.Rd6 Nc7 39.Rd7 Ne6 40.Rxf7 b4 41.Rb7 b3 42.a6 Nd8 43.c4 Be4
44.Rxb3  1-0

[Event "62nd ch-RUS HL w"]
[Site "Tyumen RUS"]
[Date "2012.06.26"]
[Round "10"]
[White "Dotdaeva,A"]
[Black "Manina,K"]
[Result "0-1"]
[WhiteElo "2139"]
[BlackElo "1987"]

1.e4 d6 2.d4 Nf6 3.Nc3 e5 4.Nge2 Be7 5.f3 c6 6.Be3 Nbd7 7.Qd2 b5 8.a3 Nb6
9.Ng3 Qc7 10.b3 Bd7 11.Be2 O-O 12.O-O a5 13.Nf5 Bxf5 14.exf5 b4 15.axb4 axb4
16.Ne4 Nbd5 17.Bf2 Nxe4 18.fxe4 Nc3 19.Bf3 Bf6 20.g4 h6 21.Kh1 Qe7 22.Qd3 exd4
23.Bxd4 Bxd4 24.Qxd4 c5 25.Qe3 Qe5 26.Rxa8 Rxa8 27.Bg2 f6 28.Qd3 Re8 29.Qc4+ Kf8
30.Re1 Qf4 31.Kg1 Qxg4 32.Qd3 Qf4 33.Ra1 Nxe4 34.Bxe4 Qxe4 35.Qxd6+ Qe7 36.Qd5 Qe3+
37.Kh1 Qe4+ 38.Qxe4 Rxe4 39.Ra8+ Re8 40.Ra5 Re5 41.Ra8+ Kf7 42.Ra7+ Kg8 43.Rc7 Rxf5
44.Kg2 Kh7 45.Kg3 h5 46.h4 Kh6 47.Rc6 g5 48.hxg5+ Kxg5 49.Rc8 h4+ 50.Kg2 Kg4
51.Rg8+ Rg5 52.Rf8 Kf5+ 53.Kh3 Rg3+ 54.Kxh4 Rc3 55.Rc8 Rxc2 56.Kg3 Ke5 57.Kg4 Rc3
58.Rc6 f5+ 59.Kg5 f4 60.Rc8 f3 61.Kg4 Kd4 62.Rd8+ Ke3 63.Rd5 f2 64.Re5+ Kd2
65.Rf5 Ke2  0-1

[Event "20th Montcada Open"]
[Site "Montcada i Reixac ESP"]
[Date "2012.06.27"]
[Round "3.6"]
[White "Fernandez Cardoso,A"]
[Black "Margvelashvili,G"]
[Result "1/2-1/2"]
[WhiteElo "2437"]
[BlackElo "2552"]

1.e4 d6 2.d4 Nf6 3.Nc3 e5 4.Nge2 Be7 5.g3 c6 6.Bg2 Nbd7 7.O-O b5 8.a3 Bb7
9.h3 h5 10.Be3 a5 11.a4 b4 12.Nb1 O-O 13.Nd2 Re8 14.f4 Bf8 15.c4 exd4 16.Bxd4 c5
17.Bxf6 Nxf6 18.f5 Nxe4 19.Nf4 Qf6 20.Nxe4 Bxe4 21.Qxh5 Qd4+ 22.Rf2 Re5 23.Bxe4 Qxe4
24.Nd5 Qxc4 25.Nb6 Qe4 26.Nxa8 Qxa8 27.Qf3 Qe8 28.Kg2 Re3 29.Qd5 Re5 30.Qf3 Re3  1/2-1/2

[Event "TCh-CHN 2012"]
[Site "Taizhou CHN"]
[Date "2012.06.27"]
[Round "5"]
[White "Ni Hua"]
[Black "Wang Rui"]
[Result "1-0"]
[WhiteElo "2637"]
[BlackElo "2407"]

1.e4 d6 2.d4 Nf6 3.Nc3 e5 4.Nf3 Nbd7 5.Bc4 Be7 6.O-O O-O 7.Re1 c6 8.a4 a5
9.h3 exd4 10.Qxd4 Nc5 11.Bf4 Ne8 12.Bg3 Be6 13.Nd2 Qb6 14.Bxe6 fxe6 15.Nc4 Qd8
16.Rad1 d5 17.exd5 cxd5 18.Nxd5 Qxd5 19.Qxd5 exd5 20.Rxd5 Rf7 21.Rxe7 Rxe7
22.Rxc5 Re1+ 23.Kh2 Re2 24.Ne3 Rd8 25.Rxa5 Nf6 26.Ra7 Rd7 27.a5 h5 28.b4 Re1
29.b5 Rf7 30.b6 Ra1 31.f3 Ra2 32.Bc7 Kh7 33.Rxb7 Rxa5 34.Ra7 Rb5 35.c4 Rb3
36.Nd5 h4 37.Nxf6+ gxf6 38.c5 Kg6 39.c6 Re7 40.Ra4 Kh5 41.Re4 Rg7 42.Bd8  1-0

[Event "65th ch-RUS HL"]
[Site "Tyumen RUS"]
[Date "2012.06.27"]
[Round "11"]
[White "Panarin,M"]
[Black "Bocharov,D"]
[Result "1/2-1/2"]
[WhiteElo "2538"]
[BlackElo "2600"]

1.e4 d6 2.d4 Nf6 3.Nc3 e5 4.Nf3 Nbd7 5.Bc4 Be7 6.O-O O-O 7.a4 c6 8.Re1 b6
9.d5 cxd5 10.Nxd5 Bb7 11.b3 Rc8 12.Re2 Nc5 13.Nxf6+ Bxf6 14.Bd5 Qd7 15.Ba3 Bxd5
16.Qxd5 Ne6 17.Qb5 Qb7 18.Rae1 a6 19.Qb4 Rfd8 20.c4 Nc5 21.Re3 h6 22.h4 Be7
23.Qd2 b5 24.axb5 axb5 25.cxb5 Qxb5 26.Qd5 Qb6 27.g3 Nd7 28.Qd1 Qa7 29.Bb2 Nf6
30.Rd3 d5 31.Nxe5 dxe4 32.Rxd8+ Rxd8 33.Qe2 Qb7 34.Qc4 Bf8 35.Nc6 Rd6 36.Nd4 Qd7
37.Kg2 Rd5 38.Ne2 Rc5 39.Qd4 Rd5 40.Qa4 Qg4 41.Ng1 Rd1 42.Rxd1 Qxd1 43.Bxf6 gxf6
44.Qxe4 Qxb3 45.Ne2 Qe6 46.Qf3 Qe5 47.g4 Bd6 48.Ng3 Kh7 49.Nf5 Qf4 50.Qd3 Qh2+
51.Kf1 Bc5 52.Ng3+ Kg8 53.Qd8+ Bf8 54.Nf5 Qh1+ 55.Ke2 Qe4+ 56.Ne3 Kg7 57.Qa5 Bd6
58.Qf5 Qe6 59.Kf1 Bf8 60.Qf3 Kh7 61.Nf5 Qc4+ 62.Kg2 Bc5 63.g5 fxg5 64.hxg5 Bf8
65.gxh6 Bxh6 66.Qh5 Qc6+ 67.Kf1 Qa6+ 68.Kg1 Qg6+  1/2-1/2

[Event "15th Vins du Medoc"]
[Site "Naujac sur Mer FRA"]
[Date "2012.06.28"]
[Round "6.9"]
[White "Kirk,Ez"]
[Black "L'Hospital,P"]
[Result "1-0"]
[WhiteElo "2225"]
[BlackElo "1895"]

1.d4 d6 2.e4 Nf6 3.Nc3 e5 4.dxe5 dxe5 5.Qxd8+ Kxd8 6.Bg5 Be6 7.O-O-O+ Nd7
8.f4 Bg4 9.Be2 Bxe2 10.Ngxe2 Ke8 11.fxe5 Ng4 12.Nb5 Rc8 13.Rxd7 Kxd7 14.Rd1+ Ke6
15.Nf4+ Kxe5 16.Rd5+ Kxe4 17.Nc3+ Ke3 18.Nd3+  1-0

[Event "e2e4 Buxton Open"]
[Site "Buxton ENG"]
[Date "2012.06.29"]
[Round "1"]
[White "Fernandez,Dan SIN"]
[Black "White,K"]
[Result "1-0"]
[WhiteElo "2349"]
[BlackElo "2079"]

1.e4 Nf6 2.Nc3 d6 3.d4 e5 4.dxe5 dxe5 5.Qxd8+ Kxd8 6.a3 Be6 7.Nf3 Nbd7 8.Ng5 Bd6
9.g3 Ke7 10.Nxe6 fxe6 11.f3 c6 12.Bd2 b5 13.h4 a5 14.a4 b4 15.Nd1 Nb6 16.h5 c5
17.Ne3 Rac8 18.Ba6 Ra8 19.Bb5 Nfd7 20.Ke2 Rac8 21.h6 g6 22.Rad1 Nf6 23.Ng4 Nxg4
24.fxg4  1-0

[Event "7th Vladimir Dvorkovich Cup"]
[Site "Moscow RUS"]
[Date "2012.06.29"]
[Round "1.6"]
[White "Sanal,V"]
[Black "Mirzoev,E"]
[Result "1-0"]
[WhiteElo "2277"]
[BlackElo "2223"]

1.e4 d6 2.d4 Nf6 3.Nc3 e5 4.Nf3 Nbd7 5.Bc4 Be7 6.O-O O-O 7.Re1 c6 8.a4 Qc7
9.Ba2 exd4 10.Nxd4 Re8 11.Bg5 Bf8 12.Qd2 h6 13.Bh4 Nh5 14.Rad1 Ne5 15.f3 Ng6
16.Bf2 Nhf4 17.Be3 Ne6 18.Nf5 Rd8 19.Qf2 b6 20.Qg3 Rb8 21.f4 d5 22.exd5 cxd5
23.Nxd5 Qxc2 24.Bb1 Qxb2 25.Rd2 Qxd2 26.Bxd2 Rxd5 27.Bc3 Nexf4 28.Nxh6+ gxh6
29.Bxg6 Nh3+ 30.Kh1 Rg5 31.Bxf7+ Kxf7 32.Rf1+ Rf5 33.Rxf5+ Bxf5 34.Qxb8 Nf2+
35.Kg1 Bc5 36.Qc7+ Ke8  1-0